000 00883nas a2200301 4500
001 BR2013007711
003 BR-BrBNA
005 20231205123007.0
007 ta
008 230509b bl.|||p| |||| 00| 00por d
040 _aBR-BrBNA
_bpor
_cBiblioteca Nacional de Agricultura
041 _a(En)
072 _aH20; F03
100 1 _aJunges, E.
100 1 _aToebe, M.
100 1 _aSantos, R.F. dos
100 1 _aFinger, G.
100 1 _aMuniz, M.F.B.
245 1 _aEffect of priming and seed-coating when associated with Bacillus subtilis in maize seeds
650 _aMILHO
650 _aZEA MAYS
650 _aCRESCIMENTO
650 _aSEMENTE
650 _aPELETIZAÇÃO
773 0 _tRevista Ciência Agronômica (Brazil)
_xISSN 0045-6888
_g(Jul-Sep 2013), v. 44(3) p. 520-526
_wBR2013007711
909 _a202311
_bLúcia
_c55
_dLúcia Elande
942 _2AGRIS
_n0
_cANA
999 _c231667
_d231667